Thực hiện chức năng giám sát và phản biện xã hội của mặt trận tổ quốc Việt Nam hiện nay

Nội dung sách giới thiệu về việc giám sát và phản biện xã hội của mặt trận tổ quốc Việt Nam một số vấn đề lý luận, thực trạng và những vấn đề thực tiễn đang đặt ra trong quá trình thực hiện chức năng giám sát và phản biện xã h...

Description complète

Enregistré dans:
Détails bibliographiques
Auteur principal: Nguyễn, Thọ Ánh
Format: Livre
Langue:Undetermined
Publié: Hà Nội Chính trị Quốc gia 2012
Sujets:
Tags: Ajouter un tag
Pas de tags, Soyez le premier à ajouter un tag!
Thư viện lưu trữ: Trung tâm Học liệu Trường Đại học Cần Thơ
LEADER 01396nam a2200205Ia 4500
001 CTU_207160
008 210402s9999 xx 000 0 und d
020 |c 44000 
082 |a 324.2597 
082 |b A107 
100 |a Nguyễn, Thọ Ánh 
245 0 |a Thực hiện chức năng giám sát và phản biện xã hội của mặt trận tổ quốc Việt Nam hiện nay 
245 0 |c Nguyễn Thọ Ánh 
260 |a Hà Nội 
260 |b Chính trị Quốc gia 
260 |c 2012 
520 |a Nội dung sách giới thiệu về việc giám sát và phản biện xã hội của mặt trận tổ quốc Việt Nam một số vấn đề lý luận, thực trạng và những vấn đề thực tiễn đang đặt ra trong quá trình thực hiện chức năng giám sát và phản biện xã hội của mặt trận tổ quốc Việt Nam hiện nay. Quan điểm và giải pháp nâng cao hiệu quả thực hiện chức năng giám sát và phản biện xã hội của mặt trận tổ quốc Việt Nam. 
650 |a Political organizations,Social participation,Tổ chức chính trị,Sự tham gia của xã hội 
904 |i Qhieu 
980 |a Trung tâm Học liệu Trường Đại học Cần Thơ